African Capital Cities from North to South: with hints! - Statistics

General Stats
  • This quiz has been taken 338 times
  • The average score is 68 of 216
Answer Stats
CAPITAL CITY % Correct
Tunis
96%
Algiers
73%
Rabat
70%
Tripoli
69%
Cairo
68%
T
63%
Khartoum
58%
Asmara
54%
Dakar
54%
Nouakchott
54%
Niamey
51%
u
51%
A
49%
Addis Ababa
49%
Bamako
49%
Djibouti
49%
P
49%
Bissau
47%
N'Djamena
47%
O
47%
Praia
47%
Freetown
46%
N
46%
Ouagadougou
46%
Accra
45%
Banjul
45%
D
45%
K
45%
Abuja
44%
B
44%
B
44%
Conakry
44%
N
44%
n
43%
A
42%
A
42%
B
42%
Juba
42%
N
42%
D
41%
Y
41%
A
40%
F
40%
Lome
40%
Monrovia
40%
o
40%
P
40%
s
40%
a
39%
C
39%
r
39%
i
38%
M
38%
R
38%
T
38%
Yamoussoukro
38%
A
37%
a
37%
b
37%
C
37%
J
37%
L
37%
Porto-Novo
37%
Yaounde
37%
Mogadishu
36%
d
35%
h
35%
i
35%
Libreville
35%
m
35%
r
35%
Sao Tome
35%
Y
35%
a
34%
B
34%
Bangui
34%
'D
34%
j
34%
Kampala
34%
Kigali
34%
Kinshasa
34%
l
34%
M
34%
M
34%
n
34%
Nairobi
34%
o
34%
u
34%
a
33%
c
33%
g
33%
L
33%
o
33%
u
33%
Brazzaville
32%
o
32%
s
32%
a
31%
a
31%
b
31%
Malabo
31%
o
31%
r
31%
a
30%
a
30%
a
30%
a
30%
Dodoma
30%
i
30%
K
30%
k
30%
Luanda
30%
m
30%
S
30%
u
30%
Victoria
30%
a
29%
d
29%
i
29%
N
29%
n
29%
o
29%
r
29%
a
28%
e
28%
Harare
28%
i
28%
K
28%
Windhoek
28%
a
27%
Bujumbura
27%
l
27%
m
27%
n
27%
u
27%
a
26%
B
26%
D
26%
g
26%
j
26%
Lusaka
26%
m
26%
n
26%
Pretoria
26%
V
26%
Antananarivo
25%
b
25%
B
25%
Gaborone
25%
K
25%
Lilongwe
25%
a
24%
c
24%
i
24%
L
24%
o
24%
b
23%
o
23%
a
22%
i
22%
L
22%
Maseru
22%
Mbabane
22%
Port Louis
22%
u
22%
i
21%
i
21%
M
21%
m
21%
Maputo
21%
o
21%
r
21%
A
20%
g
20%
H
20%
i
20%
L
20%
Moroni
20%
P
20%
P
20%
W
20%
a
19%
c
19%
G
19%
M
19%
u
19%
i
18%
j
18%
n
18%
d
17%
n
17%
o
17%
a
16%
M
16%
o
16%
r
16%
r
16%
u
16%
a
15%
a
15%
i
15%
M
15%
r
15%
t
15%
a
14%
a
14%
l
14%
r
14%
b
13%
n
13%
p
13%
s
13%
s
13%
b
12%
e
12%
a
11%
No matching quizzes found
Score Distribution
Percent of People with Each Score
Percentile by Number Answered
Your Score History
You have not taken this quiz